000 01309nam0a2200337 4500
001 RU\NLR\BIBL_A\011690752
005 20180510112138.0
010 _a978-5-8459-2077-5
_9300
021 _aRU
_bКН-П-18-1795
_9КН-П-18-024603
035 _a(NLR Aleph) 011690752
035 _a(RuMoRGB)009590600
090 _a11336558
_c11336558
100 _a20180427d2018 m y0rusy50 ca
101 0 _arus
102 _aRU
105 _aa z 001zy
200 1 _aExcel 2016 для чайников
_e[+ видеокурс]
_fГрег Харвей
_g[перевод с английского Л. М. Ильичевой]
210 _aМосква [и др.]
_cДиалектика
_d2018
215 _a395 с.
_cил.
_d24
300 _aЗагл. и авт. ориг.: Excel 2016 for dummies / by Greg Harvey, PhD
316 _aВидеокурс отсутствует
_5NLR
320 _aПредм. указ.: с. 391-395
454 1 _12001#$aExcel 2016 for dummies
_1700#1$aHarvey$bG.$gGreg
606 1 _aMICROSOFT EXCEL 2016, электронные таблицы
_2nlr_sh2
_3RU\NLR\AUTH\6601598473
686 _aЗ973.26-018.2я78-1
_2rubbk
686 1 _aЗ973.233-018.2
700 1 _aХарвей
_bГ.
_gГрег
942 _cBOOK
980 _aNBR
980 _aNB